00385 2200157 4500001002100000005001500021035002000036245003100056100002100087300002800108260003500136082000800171084001400179020002200193990001200215INLIS00000000000317820251127095035 a0010-11250000391 aAthlas /cEko Ivano Winata0 aEko Ivano Winata a444 hlm ;c13,5 x 20 cm aBandung :bPastel Books,c2018 a813 a813 EKO a a978-602-6716-39-2 a0754569